| 000 | 01329cam a2200133 4500500 | ||
|---|---|---|---|
| 005 | 20260405005802.0 | ||
| 041 | _afre | ||
| 042 | _adc | ||
| 100 | 1 | 0 |
_aCaseau, Yves _eauthor |
| 245 | 0 | 0 | _aUrbanisation, SOA et BPM : Le point de vue du DSI |
| 260 |
_bDunod,
_c2011. |
||
| 520 | _aCe livre fait ressortir les points saillants d'un projet d'urbanisation et de BPM (Business Process Management). Il explique comment le mener à terme avec succès et insiste sur la rentabilité d'une telle démarche. Il se compose de trois parties : la première présente l'intérêt d'une démarche d'urbanisation, en partant des objectifs opérationnels du DSI ; la deuxième répond à six contraintes fondamentales, mais souvent ignorées : le coût, l'agilité, l'exploitation, la conduite du changement, la gestion des données distribuées et la flexibilité du déploiement ; la dernière partie donne la vision de l'auteur sur les grandes tendances des systèmes d'information, comme par exemple l'offshore et l'automatisation des développements. Les mises à jour de cette 4e édition portent sur la partie prospective de l'ouvrage, sur le cloud computing, et sur la complexité dans l'urbanisation du SI . | ||
| 856 | 4 | 1 | _uhttps://stm.cairn.info/urbanisation-soa-et-bpm--9782100566365?lang=fr&redirect-ssocas=7080 |
| 999 |
_c2086499 _d2086497 |
||